[Event "XXVIII Open Internacional de Erandio"]
[Site "Erandio "]
[Date "2019.12.14"]
[Round "1"]
[Board "1"]
[White "Francisco Etxebarria, Jon Andoi"]
[Black "Trigo Urquijo, Sergio"]
[Result "0-1"]
[WhiteElo "1659"]
[BlackElo "2368"]
[PlyCount "62"]
[EventDate "2019.12.14"]
[EventRounds "8"]
[EventCountry "ESP"]

1. Nf3 d5 2. g3 Nd7 3. d4 b5 4. Bg2 e6 5. O-O Bd6 6. b3 Ne7 7. Ba3 b4 8. Bb2 a5
9. Nbd2 O-O 10. c4 bxc3 11. Bxc3 Bb7 12. Rc1 Nc6 13. Re1 Nb4 14. Ra1 c5 15. Nf1
cxd4 16. Bxd4 a4 17. Ne3 e5 18. Bb2 a3 19. Bc1 Nc5 20. Nf5 Bc7 21. Bg5 f6 22.
Bd2 Ba5 23. Qc1 Ne4 24. Rd1 Rc8 25. Qxa3 Nxd2 26. Rxd2 Nc2 27. Qe7 Rc7 28. Qxd8
Rxd8 29. Rc1 Bxd2 30. Nxd2 Rdc8 31. Kf1 Ne3+  0-1

[Event "XXVIII Open Internacional de Erandio"]
[Site "Erandio "]
[Date "2019.12.14"]
[Round "1"]
[Board "2"]
[White "Prieto Aranguren, Alain"]
[Black "Singh Ahumada, Karan"]
[Result "1-0"]
[WhiteElo "2277"]
[BlackElo "1657"]
[PlyCount "57"]
[EventDate "2019.12.14"]
[EventRounds "8"]
[EventCountry "ESP"]

1. d4 Nf6 2. c4 e6 3. Nc3 Bb4 4. e3 O-O 5. Bd3 c5 6. Nf3 d5 7. O-O cxd4 8. exd4
dxc4 9. Bxc4 b6 10. a3 Bxc3 11. bxc3 Bb7 12. Bd3 Nbd7 13. c4 Qc7 14. Re1 Rfd8
15. Bb2 Rac8 16. Rc1 Qd6 17. Qe2 Nc5 18. Bb1 Na4 19. Ba1 Re8 20. Qd3 Kf8 21.
Ne5 b5 22. Qg3 Red8 23. Bc2 Qa6 24. Qb3 Nb6 25. Qb4+ Kg8 26. cxb5 Nbd5 27. bxa6
Nxb4 28. axb7 Rxc2 29. axb4  1-0

[Event "XXVIII Open Internacional de Erandio"]
[Site "Erandio "]
[Date "2019.12.14"]
[Round "1"]
[Board "3"]
[White "Villate Montes, Juan Francisco"]
[Black "Pena Duarte, Fabian Dario"]
[Result "0-1"]
[WhiteElo "1638"]
[BlackElo "2237"]
[PlyCount "56"]
[EventDate "2019.12.14"]
[EventRounds "8"]
[EventCountry "ESP"]

1. b3 e5 2. Bb2 Nc6 3. c4 a5 4. Nc3 Nf6 5. e3 Be7 6. Nge2 O-O 7. d4 exd4 8.
Nxd4 d5 9. Nxc6 bxc6 10. Be2 a4 11. O-O a3 12. Bc1 Re8 13. cxd5 cxd5 14. Bb5
Rf8 15. Bc6 Ra5 16. Bd2 Rc5 17. Bb5 d4 18. exd4 Qxd4 19. Rc1 Rd8 20. Qe2 Re5
21. Be3 Qh4 22. g3 Qh3 23. Qf3 Ng4 24. Qg2 Qxg2+ 25. Kxg2 Bb7+ 26. Kg1 Nxe3 27.
fxe3 Bg5 28. Nd1 Rxb5  0-1

[Event "XXVIII Open Internacional de Erandio"]
[Site "Erandio "]
[Date "2019.12.14"]
[Round "1"]
[Board "4"]
[White "Toledo Sanz, Imanol"]
[Black "Estebanez Sevilla, Unai"]
[Result "1-0"]
[WhiteElo "2171"]
[BlackElo "1636"]
[PlyCount "105"]
[EventDate "2019.12.14"]
[EventRounds "8"]
[EventCountry "ESP"]

1. e4 c6 2. d4 d5 3. exd5 cxd5 4. Bd3 Nc6 5. c3 Nf6 6. Bf4 Qb6 7. Qb3 Qxb3 8.
axb3 Nh5 9. Be3 e6 10. Be2 Nf6 11. Bf4 Be7 12. Nd2 O-O 13. Ngf3 Nh5 14. Bc7 Bd8
15. Bxd8 Rxd8 16. b4 Nf4 17. Bf1 e5 18. b5 e4 19. bxc6 exf3 20. Nxf3 bxc6 21.
b4 Re8+ 22. Kd2 f6 23. h3 Bb7 24. g3 Ne6 25. h4 Nc7 26. Ne1 Re7 27. Nd3 Ba6 28.
Nc5 Bxf1 29. Rhxf1 Nb5 30. Ra6 Rae8 31. Rxc6 Re2+ 32. Kd3 Ra2 33. Re6 Rxe6 34.
Nxe6 Ra3 35. Rc1 Nd6 36. Nc7 Ne4 37. Rc2 Nd6 38. Nxd5 a5 39. bxa5 Rxa5 40. c4
Ra1 41. c5 Nb5 42. Ne3 Ra3+ 43. Kc4 Nc7 44. Rb2 Ra4+ 45. Rb4 Rxb4+ 46. Kxb4 Kf8
47. d5 g6 48. Ka5 Ke8 49. Kb6 Kd8 50. c6 Ne8 51. Nc4 Kc8 52. d6 Kb8 53. d7  1-0

[Event "XXVIII Open Internacional de Erandio"]
[Site "Erandio "]
[Date "2019.12.14"]
[Round "1"]
[Board "5"]
[White "Fernandez Amezaga, Karmelo"]
[Black "Sadusea, Johnny Fernando"]
[Result "0-1"]
[WhiteElo "1627"]
[BlackElo "2132"]
[PlyCount "40"]
[EventDate "2019.12.14"]
[EventRounds "8"]
[EventCountry "ESP"]

1. d4 Nf6 2. Nf3 e6 3. e3 c5 4. c3 Nc6 5. Bd3 d5 6. Nbd2 Bd6 7. O-O O-O 8. Re1
e5 9. dxe5 Nxe5 10. Nxe5 Bxe5 11. f4 Bc7 12. Nf3 Re8 13. b3 Bg4 14. h3 Bxf3 15.
Qxf3 Ne4 16. Bb2 Ba5 17. Rec1 Qf6 18. Bxe4 Rxe4 19. Qf2 c4 20. Qd2 Bb6  0-1

[Event "XXVIII Open Internacional de Erandio"]
[Site "Erandio "]
[Date "2019.12.14"]
[Round "1"]
[Board "6"]
[White "Villanueva Arguinberri, Bruno"]
[Black "Valverde Urbano, Alejandro"]
[Result "1-0"]
[WhiteElo "2029"]
[BlackElo "1599"]
[PlyCount "39"]
[EventDate "2019.12.14"]
[EventRounds "8"]
[EventCountry "ESP"]

1. d4 Nf6 2. c4 e6 3. Nc3 d6 4. e4 Nc6 5. f3 Be7 6. Be3 a6 7. Qd2 e5 8. d5 Nb8
9. Bd3 Bd7 10. Nge2 c6 11. O-O O-O 12. g4 Nxg4 13. fxg4 Bxg4 14. Ng3 Nd7 15.
Qg2 Nf6 16. h3 h5 17. hxg4 hxg4 18. Qh2 Nh7 19. Kg2 Bg5 20. Rh1  1-0

[Event "XXVIII Open Internacional de Erandio"]
[Site "Erandio "]
[Date "2019.12.14"]
[Round "1"]
[Board "7"]
[White "Garcia Bolanos, Irene"]
[Black "Ontiveros Acuna, Miguel Angel"]
[Result "0-1"]
[WhiteElo "1576"]
[BlackElo "2026"]
[PlyCount "62"]
[EventDate "2019.12.14"]
[EventRounds "8"]
[EventCountry "ESP"]

1. e4 c5 2. Nc3 g6 3. g3 Bg7 4. Bg2 Nc6 5. d3 Nf6 6. Nge2 Rb8 7. f4 d6 8. O-O
O-O 9. h3 Nd7 10. g4 Nd4 11. f5 Nxe2+ 12. Qxe2 b5 13. a3 a5 14. Qe1 b4 15. axb4
axb4 16. Ne2 Ne5 17. Qh4 f6 18. Bh6 g5 19. Qh5 Bd7 20. Bxg5 fxg5 21. Qxg5 Kh8
22. Qh4 b3 23. Nf4 bxc2 24. Ng6+ Nxg6 25. fxg6 Rxf1+ 26. Rxf1 Qg8 27. Qxe7 Qe6
28. Qh4 Qxg6 29. e5 Qxd3 30. Re1 dxe5 31. Be4 Qxe4  0-1

[Event "XXVIII Open Internacional de Erandio"]
[Site "Erandio "]
[Date "2019.12.14"]
[Round "1"]
[Board "9"]
[White "Montes Gimenez, Mencia"]
[Black "Silva, Jorge"]
[Result "0-1"]
[WhiteElo "1552"]
[BlackElo "1963"]
[PlyCount "47"]
[EventDate "2019.12.14"]
[EventRounds "8"]
[EventCountry "ESP"]

1. e4 e5 2. Nf3 Nc6 3. d4 exd4 4. Nxd4 Bc5 5. Be3 Qf6 6. c3 Nge7 7. Be2 O-O 8.
O-O Bb6 9. Nc2 d6 10. Nd2 d5 11. Bf3 Rd8 12. exd5 Nxd5 13. Qe2 Bf5 14. Bxd5
Rxd5 15. Nc4 Bd3 16. Nxb6 Bxe2 17. Nxd5 Qf5 18. Nd4 Qxd5 19. Nxe2 Qb5 20. Nf4
Qxb2 21. Nd5 Rb8 22. Nxc7 Qxc3 23. Nb5 Qa5 24. Rfd1  0-1

[Event "XXVIII Open Internacional de Erandio"]
[Site "Erandio "]
[Date "2019.12.15"]
[Round "2"]
[Board "1"]
[White "Trigo Urquijo, Sergio"]
[Black "Rodriguez Gonzalez, Alex"]
[Result "1-0"]
[WhiteElo "2368"]
[BlackElo "1939"]
[PlyCount "75"]
[EventDate "2019.12.14"]
[EventRounds "8"]
[EventCountry "ESP"]

1. c4 e5 2. g3 Nc6 3. Bg2 Bc5 4. e3 d6 5. Ne2 a6 6. Nbc3 Nge7 7. O-O h5 8. d4
Bd7 9. h3 Ng6 10. b3 h4 11. g4 f5 12. Qd3 Nb4 13. Qb1 Qf6 14. a3 fxg4 15. axb4
gxh3 16. Be4 Qg5+ 17. Kh2 O-O 18. f4 exf4 19. exf4 Nxf4 20. Rxf4 Rxf4 21. Bxf4
Qf6 22. Qg1 Bxd4 23. Qxd4 Qxd4 24. Nxd4 c5 25. bxc5 dxc5 26. Bd5+ Kh8 27. Ne6
Bxe6 28. Bxe6 Rf8 29. Nd5 Kh7 30. Rg1 b5 31. Be5 g6 32. Nf4 bxc4 33. Bxc4 a5
34. Rxg6 a4 35. Rg5 Rxf4 36. Bxf4 axb3 37. Bxb3 Kh6 38. Rg3+  1-0

[Event "XXVIII Open Internacional de Erandio"]
[Site "Erandio "]
[Date "2019.12.15"]
[Round "2"]
[Board "2"]
[White "Sarralde Marco, Emilio"]
[Black "Prieto Aranguren, Alain"]
[Result "0-1"]
[WhiteElo "1833"]
[BlackElo "2277"]
[PlyCount "105"]
[EventDate "2019.12.14"]
[EventRounds "8"]
[EventCountry "ESP"]

1. e4 c6 2. d4 d5 3. Nc3 dxe4 4. Nxe4 Bf5 5. Ng3 Bg6 6. Nf3 Nd7 7. Bd3 Ngf6 8.
Bxg6 hxg6 9. Qe2 e6 10. Bf4 Qa5+ 11. c3 Be7 12. Ne5 Nxe5 13. Qxe5 Qd8 14. Qc7
Qxc7 15. Bxc7 Nd5 16. Ba5 b6 17. Bb4 Nxb4 18. cxb4 Bxb4+ 19. Ke2 O-O-O 20. Ke3
Rh4 21. Ne2 c5 22. Rac1 Kb7 23. f4 cxd4+ 24. Kd3 Rh5 25. Rc4 Bd6 26. h3 Rc8 27.
Rxc8 Kxc8 28. g4 Rd5 29. g5 Be7 30. Rc1+ Kb7 31. Rc4 f6 32. Rxd4 fxg5 33. fxg5
Bxg5 34. Rxd5 exd5 35. b3 a6 36. Nd4 Bf6 37. Nc2 a5 38. a4 Kc6 39. Ne3 Kd6 40.
Nc2 Ke5 41. b4 axb4 42. Nxb4 Kd6 43. Na6 Bh4 44. Nb4 Bf2 45. Ke2 Bd4 46. Nd3 g5
47. Kf3 Bf6 48. Ke3 Bc3 49. Kf3 Bf6 50. Ke3 Kc6 51. Ke2 Bd4 52. Ne1 Kc5 53. Kd3
 0-1

[Event "XXVIII Open Internacional de Erandio"]
[Site "Erandio "]
[Date "2019.12.15"]
[Round "2"]
[Board "3"]
[White "Pena Duarte, Fabian Dario"]
[Black "Umaran Del Campo, Enrique"]
[Result "1-0"]
[WhiteElo "2237"]
[BlackElo "1776"]
[PlyCount "79"]
[EventDate "2019.12.14"]
[EventRounds "8"]
[EventCountry "ESP"]

1. d4 d5 2. c4 c6 3. Nc3 Nf6 4. Nf3 dxc4 5. a4 Bf5 6. Ne5 Nbd7 7. Nxc4 Nb6 8.
Ne5 a5 9. f3 h6 10. e4 Bh7 11. Be3 e6 12. Qb3 Bb4 13. Nd3 Nxe4 14. fxe4 Qh4+
15. Nf2 Bxe4 16. O-O-O Bd5 17. Nxd5 Nxd5 18. g3 Qe7 19. Bd2 Bd6 20. Ne4 O-O 21.
Bc4 b5 22. Bxd5 cxd5 23. Nxd6 Qxd6 24. Qxb5 Rfb8 25. Bf4 Rc8+ 26. Kb1 Qe7 27.
Rc1 g5 28. Rxc8+ Rxc8 29. Rc1 Rxc1+ 30. Bxc1 Qf6 31. Qd3 Qf2 32. Qd2 Qf1 33. h4
gxh4 34. gxh4 Kg7 35. Qxh6+ Kg8 36. Qg5+ Kh7 37. Qd2 Qc4 38. Qc2+ Qxc2+ 39.
Kxc2 Kg6 40. b4  1-0

[Event "XXVIII Open Internacional de Erandio"]
[Site "Erandio "]
[Date "2019.12.15"]
[Round "2"]
[Board "4"]
[White "Caballero Acosta, Erlantz"]
[Black "Toledo Sanz, Imanol"]
[Result "0-1"]
[WhiteElo "1721"]
[BlackElo "2171"]
[PlyCount "138"]
[EventDate "2019.12.14"]
[EventRounds "8"]
[EventCountry "ESP"]

1. e4 c5 2. Nc3 a6 3. Nf3 e6 4. g3 b5 5. d4 cxd4 6. Nxd4 Bb7 7. Bg2 b4 8. Nce2
Nf6 9. Bg5 Be7 10. Bxf6 Bxf6 11. O-O Qb6 12. a3 Nc6 13. c3 bxc3 14. bxc3 O-O
15. Re1 Qc7 16. Rb1 Be7 17. Nxc6 Bxc6 18. Nd4 Bb7 19. a4 Rab8 20. Qd3 Rfe8 21.
Rb3 Bc5 22. Reb1 e5 23. Nf5 Bc6 24. Rxb8 Rxb8 25. Rxb8+ Qxb8 26. Qxa6 g6 27.
Nh6+ Kg7 28. Ng4 h5 29. Ne3 Qb1+ 30. Qf1 Qb2 31. Qc4 Bxe3 32. fxe3 Qc1+ 33. Kf2
Qd2+ 34. Kf1 Qc1+ 35. Kf2 Qd2+ 36. Kf1 Qxe3 37. Qb4 Qc1+ 38. Kf2 Qc2+ 39. Kf1
Bxa4 40. Bf3 Qc1+ 41. Kg2 Qd2+ 42. Kf1 Bc2 43. Be2 Qc1+ 44. Kg2 Qe3 45. Bf3 Bd3
46. Qb2 Bxe4 47. Bxe4 Qxe4+ 48. Kf2 d5 49. h4 Qc4 50. Ke3 Qc5+ 51. Kf3 Kf6 52.
Qd2 Ke6 53. Ke2 Qc4+ 54. Ke3 d4+ 55. cxd4 Qxd4+ 56. Qxd4 exd4+ 57. Kxd4 Kf5 58.
Ke3 Kg4 59. Kf2 f5 60. Kg2 f4 61. gxf4 Kxf4 62. Kh3 Kf5 63. Kh2 Kg4 64. Kh1
Kxh4 65. Kg2 Kg4 66. Kf2 Kh3 67. Kg1 Kg3 68. Kh1 Kf2 69. Kh2 g5  0-1

[Event "XXVIII Open Internacional de Erandio"]
[Site "Erandio "]
[Date "2019.12.15"]
[Round "2"]
[Board "5"]
[White "Sadusea, Johnny Fernando"]
[Black "Gutierrez Bolado, Juan Antonio"]
[Result "1-0"]
[WhiteElo "2132"]
[BlackElo "1721"]
[PlyCount "65"]
[EventDate "2019.12.14"]
[EventRounds "8"]
[EventCountry "ESP"]

1. e4 c5 2. Nf3 Nc6 3. c3 d5 4. exd5 Qxd5 5. Be2 Nf6 6. O-O e6 7. d4 Be7 8. h3
O-O 9. Be3 cxd4 10. Nxd4 Rd8 11. Bf3 Qa5 12. Qe2 Ne5 13. Nd2 Bd7 14. N2b3 Qc7
15. Rfd1 a6 16. a4 Rac8 17. a5 Nc4 18. Bc1 Ne5 19. Bf4 Nxf3+ 20. Qxf3 e5 21.
Bg3 Bd6 22. Nf5 Bxf5 23. Qxf5 Qc4 24. Nd2 Qe6 25. Qxe6 fxe6 26. Nf3 e4 27. Bxd6
exf3 28. gxf3 Kf7 29. Rd4 Rd7 30. Rad1 Rcd8 31. Kf1 Nd5 32. Be5 Nf6 33. Bxf6
 1-0

[Event "XXVIII Open Internacional de Erandio"]
[Site "Erandio "]
[Date "2019.12.15"]
[Round "2"]
[Board "6"]
[White "De La Fuente Pinedo, Mikel"]
[Black "Villanueva Arguinberri, Bruno"]
[Result "0-1"]
[WhiteElo "1683"]
[BlackElo "2029"]
[PlyCount "101"]
[EventDate "2019.12.14"]
[EventRounds "8"]
[EventCountry "ESP"]

1. c4 Nf6 2. g3 e6 3. Bg2 d5 4. d4 Be7 5. Nc3 O-O 6. cxd5 exd5 7. Nf3 c6 8. O-O
Re8 9. Re1 Nbd7 10. h3 Bd6 11. Qc2 Qc7 12. e4 dxe4 13. Nxe4 Nxe4 14. Rxe4 Rxe4
15. Qxe4 Nf6 16. Qd3 h6 17. Bd2 Be6 18. Re1 Bxa2 19. b3 Qb6 20. Ra1 Qxb3 21.
Qxb3 Bxb3 22. Rb1 Bd5 23. Rxb7 c5 24. Rb5 a6 25. Ra5 cxd4 26. Nxd4 Bxg2 27.
Kxg2 Ne4 28. Be3 Bb4 29. Ra4 Bc5 30. Nc2 Bxe3 31. Nxe3 Nc5 32. Ra5 Nb7 33. Ra4
a5 34. Nc4 Rc8 35. Kf3 Nc5 36. Rxa5 Nb3 37. Ra4 Rxc4 38. Ra8+ Kh7 39. Ra7 Kg6
40. Ra6+ f6 41. Ke3 Rc3+ 42. Kf4 Nc5 43. Ra2 Rb3 44. Rd2 Rb2 45. Rd4 Rxf2+ 46.
Ke3 Rc2 47. h4 h5 48. Rd6 Rg2 49. Kf3 Rxg3+ 50. Kf4 Rg4+ 51. Kf3  0-1

[Event "XXVIII Open Internacional de Erandio"]
[Site "Erandio "]
[Date "2019.12.15"]
[Round "2"]
[Board "7"]
[White "Ontiveros Acuna, Miguel Angel"]
[Black "Perez Novoa, Miguel"]
[Result "1-0"]
[WhiteElo "2026"]
[BlackElo "1675"]
[PlyCount "75"]
[EventDate "2019.12.14"]
[EventRounds "8"]
[EventCountry "ESP"]

1. d4 Nf6 2. Nf3 g6 3. Bf4 Bg7 4. e3 d6 5. h3 O-O 6. Be2 Nbd7 7. O-O c5 8. Nbd2
b6 9. c3 Bb7 10. Bh2 Rc8 11. a4 Nb8 12. Qb3 Nc6 13. a5 cxd4 14. exd4 Nxa5 15.
Rxa5 Bxf3 16. Rxa7 Bxe2 17. Re1 Rc7 18. Rxc7 Qxc7 19. Rxe2 Ra8 20. Re1 Qb7 21.
Bg3 Nh5 22. Bh2 Bh6 23. Nf3 Bf4 24. Bxf4 Nxf4 25. Re3 e6 26. Qb5 Kg7 27. Qg5
Nd5 28. Re1 h6 29. Qg3 Qd7 30. Nd2 Nf6 31. Ne4 Ra2 32. Nxd6 Nh5 33. Qe5+ Kg8
34. Ne4 Ra5 35. Qxh5 Rxh5 36. Nf6+ Kg7 37. Nxd7 Rb5 38. b4  1-0

[Event "XXVIII Open Internacional de Erandio"]
[Site "Erandio "]
[Date "2019.12.15"]
[Round "2"]
[Board "8"]
[White "Cerezo Goikolea, Pedro Maria"]
[Black "Garrido Legarreta, Jose Javier"]
[Result "0-1"]
[WhiteElo "1670"]
[BlackElo "1985"]
[PlyCount "84"]
[EventDate "2019.12.14"]
[EventRounds "8"]
[EventCountry "ESP"]

1. e4 c5 2. Nf3 d6 3. d4 cxd4 4. Nxd4 Nf6 5. Nc3 a6 6. Bg5 e6 7. Bc4 Be7 8. O-O
O-O 9. Bxf6 Bxf6 10. Nde2 b5 11. Bd3 b4 12. Na4 Qa5 13. c3 Bd7 14. b3 Bxa4 15.
bxa4 bxc3 16. Qc2 g6 17. f4 Nc6 18. a3 Qc5+ 19. Kh1 Rfb8 20. e5 dxe5 21. Qxc3
Qxc3 22. Nxc3 exf4 23. Rac1 Bxc3 24. Rxc3 Ne5 25. h3 Nxd3 26. Rxd3 Rd8 27. Rfd1
Rxd3 28. Rxd3 Kg7 29. Kg1 e5 30. Rd6 e4 31. Kf2 Rb8 32. Rxa6 Rb2+ 33. Kf1 Ra2
34. a5 Rxa3 35. Ra8 Ra1+ 36. Kf2 Ra2+ 37. Kf1 f5 38. a6 Kh6 39. a7 Kg5 40. Kg1
Kh4 41. Rc8 Rxa7 42. Rc2 Kg3  0-1

[Event "XXVIII Open Internacional de Erandio"]
[Site "Erandio "]
[Date "2019.12.15"]
[Round "2"]
[Board "9"]
[White "Silva, Jorge"]
[Black "Hrigma, Elmaati"]
[Result "1-0"]
[WhiteElo "1963"]
[BlackElo "1401"]
[PlyCount "70"]
[EventDate "2019.12.14"]
[EventRounds "8"]
[EventCountry "ESP"]

1. e4 d5 2. exd5 Qxd5 3. Nc3 Qd6 4. d4 Nf6 5. Nf3 c6 6. Be2 Bf5 7. O-O h6 8.
Ne5 Nbd7 9. Nc4 Qc7 10. g3 Nb6 11. Bf4 Qd8 12. Ne5 Bh3 13. Re1 e6 14. Bh5 g6
15. Bf3 h5 16. Bg5 Be7 17. Qd2 Nfd5 18. Ne4 Bf5 19. Bxe7 Qxe7 20. Ng5 Rf8 21.
c4 Qb4 22. Qe2 Ne7 23. Nh7 Rh8 24. Nf6+ Kf8 25. Ned7+ Nxd7 26. Nxd7+ Ke8 27.
Nf6+ Kf8 28. Qe5 Qxc4 29. Nd7+ Kg8 30. Nf6+ Kf8 31. Qd6 a5 32. Nd7+ Ke8 33. Nb6
Qa6 34. Nxa8 Qxa8 35. d5 cxd5  1-0

[Event "XXVIII Open Internacional de Erandio"]
[Site "Erandio "]
[Date "2019.12.15"]
[Round "2"]
[Board "10"]
[White "Pons Rodriguez, Diego"]
[Black "Svyatoslav, Vorobyev"]
[Result "0-1"]
[WhiteElo "1351"]
[BlackElo "1942"]
[PlyCount "56"]
[EventDate "2019.12.14"]
[EventRounds "8"]
[EventCountry "ESP"]

1. e4 e6 2. d4 d5 3. exd5 exd5 4. Nf3 Bd6 5. Bd3 Ne7 6. Bg5 O-O 7. Nc3 c6 8.
Qd2 f6 9. Bh4 a5 10. O-O Bf5 11. Rfe1 Qd7 12. Bg3 Bxd3 13. Bxd6 Qxd6 14. Qxd3
Na6 15. a3 Ng6 16. Qe3 Nc7 17. Na4 Rfe8 18. Qb3 Ne6 19. c4 dxc4 20. Qe3 Nc7 21.
Qd2 b5 22. Nc5 Ne6 23. Qe3 Kf7 24. Ne4 Qd7 25. Rad1 Nef4 26. Qd2 Qg4 27. g3
Qxf3 28. gxf4 Nxf4  0-1

[Event "XXVIII Open Internacional de Erandio"]
[Site "Erandio "]
[Date "2019.12.16"]
[Round "3"]
[Board "1"]
[White "Villanueva Arguinberri, Bruno"]
[Black "Trigo Urquijo, Sergio"]
[Result "1/2-1/2"]
[WhiteElo "2029"]
[BlackElo "2368"]
[PlyCount "107"]
[EventDate "2019.12.14"]
[EventRounds "8"]
[EventCountry "ESP"]

1. d4 Nf6 2. Nf3 g6 3. g3 b6 4. Bg2 Bb7 5. O-O Bg7 6. c4 O-O 7. Nc3 Ne4 8. Nxe4
Bxe4 9. Be3 d6 10. Qd2 e6 11. Bh6 Nd7 12. Bxg7 Kxg7 13. b4 a5 14. a3 Qe7 15.
Qc3 Nf6 16. Nd2 Bxg2 17. Kxg2 e5 18. dxe5 Qxe5 19. Qxe5 dxe5 20. Rfd1 Rfd8 21.
Nf3 Rxd1 22. Rxd1 axb4 23. axb4 Ra4 24. Nxe5 Rxb4 25. Ra1 Ne8 26. Rc1 Nd6 27.
c5 bxc5 28. Rxc5 Rb5 29. Rxb5 Nxb5 30. Nc6 Kf6 31. Kf3 Ke6 32. Nd8+ Ke7 33.
Nc6+ Kd7 34. Ne5+ Ke6 35. Nc6 Kd5 36. Nb4+ Kc4 37. Na6 c5 38. Ke4 f6 39. f4 Nd4
40. e3 Nb3 41. f5 g5 42. Kf3 Kd3 43. h4 h6 44. Kg4 gxh4 45. gxh4 c4 46. Kh5 Ke4
47. Kg6 c3 48. Nb4 Ke5 49. h5 Nd2 50. Kxh6 Nf3 51. Kg7 Kxf5 52. h6 Ng5 53. e4+
Ke5 54. Nc2  1/2-1/2

[Event "XXVIII Open Internacional de Erandio"]
[Site "Erandio "]
[Date "2019.12.16"]
[Round "3"]
[Board "2"]
[White "Prieto Aranguren, Alain"]
[Black "Ontiveros Acuna, Miguel Angel"]
[Result "1/2-1/2"]
[WhiteElo "2277"]
[BlackElo "2026"]
[PlyCount "111"]
[EventDate "2019.12.14"]
[EventRounds "8"]
[EventCountry "ESP"]

1. d4 d5 2. c4 c6 3. Nf3 Nf6 4. Nc3 e6 5. cxd5 exd5 6. Qc2 Be7 7. Bg5 Nbd7 8.
e3 O-O 9. Bd3 Re8 10. O-O Nf8 11. Rab1 Bg4 12. Ne5 Bh5 13. b4 N6d7 14. Bxe7
Qxe7 15. Nxd7 Qxd7 16. b5 Bg6 17. bxc6 bxc6 18. Na4 Qd6 19. Rb3 Re6 20. Rfb1
Nd7 21. Bxg6 hxg6 22. Rb7 g5 23. Qf5 Nf6 24. Nc5 Re7 25. Qxg5 Rxb7 26. Rxb7 Rb8
27. Qf5 Rxb7 28. Qc8+ Kh7 29. Qxb7 Ng4 30. g3 Qh6 31. Qxf7 Qxh2+ 32. Kf1 Qh3+
33. Ke2 Nh6 34. Qxa7 Qg4+ 35. Ke1 Qf5 36. Qa6 Qb1+ 37. Ke2 Qc2+ 38. Kf1 Qd1+
39. Kg2 Qh5 40. Qd3+ Kg8 41. f3 Nf5 42. a4 Qg5 43. g4 Nxe3+ 44. Kf2 Nc4 45. Nb3
Qh4+ 46. Kg2 Qe1 47. g5 Ne3+ 48. Kh3 Qg1 49. Qe2 Qxg5 50. a5 Qh5+ 51. Kg3 Nf5+
52. Kf4 Qf7 53. Kg4 Qg6+ 54. Kf4 Qf7 55. Kg4 Qg6+ 56. Kf4  1/2-1/2

[Event "XXVIII Open Internacional de Erandio"]
[Site "Erandio "]
[Date "2019.12.16"]
[Round "3"]
[Board "3"]
[White "Toledo Sanz, Imanol"]
[Black "Silva, Jorge"]
[Result "0-1"]
[WhiteElo "2171"]
[BlackElo "1963"]
[PlyCount "56"]
[EventDate "2019.12.14"]
[EventRounds "8"]
[EventCountry "ESP"]

1. e4 e5 2. Nf3 Nc6 3. Bc4 Bc5 4. c3 Nf6 5. d3 a6 6. O-O d6 7. a4 O-O 8. h3 Ne7
9. Nbd2 Ng6 10. d4 Ba7 11. Re1 c6 12. Bf1 Re8 13. Qc2 Be6 14. a5 Nh5 15. dxe5
dxe5 16. Nc4 Bxc4 17. Bxc4 Nhf4 18. Bf1 Qf6 19. Kh2 Rad8 20. Be3 Bxe3 21. Rxe3
Rd7 22. g3 Ne6 23. h4 Red8 24. Bh3 Rd2 25. Qc1 Rxf2+ 26. Bg2 Ngf4 27. gxf4 Nxf4
28. Qg1 Rdd2  0-1

[Event "XXVIII Open Internacional de Erandio"]
[Site "Erandio "]
[Date "2019.12.16"]
[Round "3"]
[Board "4"]
[White "Svyatoslav, Vorobyev"]
[Black "Sadusea, Johnny Fernando"]
[Result "0-1"]
[WhiteElo "1942"]
[BlackElo "2132"]
[PlyCount "64"]
[EventDate "2019.12.14"]
[EventRounds "8"]
[EventCountry "ESP"]

1. e4 c5 2. Nf3 d6 3. d4 cxd4 4. Nxd4 Nf6 5. Nc3 a6 6. h3 g6 7. g3 Bg7 8. Bg2
O-O 9. O-O Qc7 10. Nde2 Nc6 11. Nf4 e6 12. Nd3 b5 13. a4 b4 14. Na2 Rb8 15. c3
b3 16. Nab4 Na5 17. e5 dxe5 18. Nxe5 Bb7 19. Bf4 Bxg2 20. Kxg2 Nh5 21. Ned3
Nxf4+ 22. Nxf4 Nc4 23. a5 Rfd8 24. Qf3 Rxb4 25. cxb4 Nd2 26. Rfc1 Qb8 27. Qe2
Bxb2 28. Nd3 Qb7+ 29. f3 Bxa1 30. Rxa1 b2 31. Nxb2 Nxf3 32. Nc4 Nd4+  0-1

[Event "XXVIII Open Internacional de Erandio"]
[Site "Erandio "]
[Date "2019.12.16"]
[Round "3"]
[Board "5"]
[White "Garrido Legarreta, Jose Javier"]
[Black "Perez Fernandez, Modesto"]
[Result "1/2-1/2"]
[WhiteElo "1985"]
[BlackElo "2134"]
[PlyCount "59"]
[EventDate "2019.12.14"]
[EventRounds "8"]
[EventCountry "ESP"]

1. c4 Nf6 2. Nc3 e6 3. d4 d5 4. cxd5 exd5 5. Bg5 Be7 6. e3 c6 7. Bd3 O-O 8. Qc2
Nbd7 9. Nf3 Re8 10. O-O Nf8 11. h3 Ne4 12. Bxe7 Qxe7 13. Bxe4 dxe4 14. Nd2 f5
15. Rab1 Be6 16. b4 a6 17. a4 Nd7 18. a5 Nf6 19. Na4 Nd5 20. Qc5 Rad8 21. Qxe7
Rxe7 22. Nc5 Nc3 23. Rb2 Bd5 24. Re1 Kf7 25. Rc2 Nb5 26. Nc4 Bxc4 27. Rxc4 Na3
28. Rc3 Nb5 29. Rc4 Na3 30. Rc3  1/2-1/2

[Event "XXVIII Open Internacional de Erandio"]
[Site "Erandio "]
[Date "2019.12.16"]
[Round "3"]
[Board "6"]
[White "Modenes Prado, Josu"]
[Black "Hernandez Perez, Jesus"]
[Result "0-1"]
[WhiteElo "666"]
[BlackElo "1950"]
[PlyCount "104"]
[EventDate "2019.12.14"]
[EventRounds "8"]
[EventCountry "ESP"]

1. d4 d5 2. Bf4 Nf6 3. e3 e6 4. c3 Bd6 5. Bg3 O-O 6. Nf3 c5 7. Nbd2 Qc7 8. Bd3
Nbd7 9. Bxd6 Qxd6 10. O-O b6 11. Re1 Bb7 12. e4 dxe4 13. Nxe4 Qf4 14. Qe2 Rfd8
15. Rad1 cxd4 16. Nxd4 Nxe4 17. Bxe4 Bxe4 18. Qxe4 Qxe4 19. Rxe4 Nc5 20. Ree1
Kf8 21. Nc6 Rxd1 22. Rxd1 Ke8 23. Kf1 a5 24. Ne5 Ra7 25. Ke2 Na4 26. Rd2 Rc7
27. Kd1 f6 28. Nf3 e5 29. Kc2 b5 30. Kb1 Rd7 31. Rxd7 Kxd7 32. Kc2 Nc5 33. Nd2
Kc6 34. f3 f5 35. Nf1 g6 36. Ne3 Kd6 37. c4 f4 38. Nd5 bxc4 39. Nb6 a4 40.
Nxc4+ Kd5 41. Nd2 Kd4 42. b3 Ke3 43. b4 Ne6 44. Nc4+ Kd4 45. Nb6 e4 46. fxe4 g5
47. Nxa4 g4 48. Kd2 f3 49. gxf3 gxf3 50. Ke1 Ke3 51. b5 f2+ 52. Kf1 Nd4  0-1

[Event "XXVIII Open Internacional de Erandio"]
[Site "Erandio "]
[Date "2019.12.16"]
[Round "3"]
[Board "7"]
[White "Gardeazabal Camara, Loren"]
[Black "Uria Ramirez, Aitor"]
[Result "0-1"]
[WhiteElo "628"]
[BlackElo "1906"]
[PlyCount "72"]
[EventDate "2019.12.14"]
[EventRounds "8"]
[EventCountry "ESP"]

1. d4 Nf6 2. Bg5 e6 3. Nf3 c5 4. e3 cxd4 5. exd4 Be7 6. Bd3 Qb6 7. b3 h6 8.
Bxf6 Bxf6 9. c3 d5 10. O-O Nc6 11. Na3 Bd7 12. Qe2 O-O 13. Bb5 Qa5 14. Qb2 Rac8
15. Rfe1 a6 16. Bxc6 Rxc6 17. Ne5 Bxe5 18. Rxe5 Qxc3 19. Qxc3 Rxc3 20. Rd1 Rfc8
21. h3 b5 22. Nb1 Rc2 23. a3 a5 24. a4 bxa4 25. bxa4 Bxa4 26. Na3 Ra2 27. Rd3
Rc1+ 28. Kh2 Rca1 29. Ree3 Rxf2 30. Kg3 Raa2 31. Rf3 Rxg2+ 32. Kh4 g5+ 33. Kh5
Kg7 34. Rfe3 Rxa3 35. Rxa3 Be8 36. Rxa5 f5#  0-1